| 000 | 00663nam a2200217 i 4500 | ||
|---|---|---|---|
| 001 | 39635 | ||
| 003 | ES-MaACL | ||
| 005 | 20250824211721.0 | ||
| 007 | t| | ||
| 008 | 030303s1965 sp ||||1| spa d | ||
| 100 | 1 |
_aCanals, Salvador. _934410 |
|
| 245 | 1 | 3 |
_aLa Iglesia y el cine / _cSalvador Canals ; [traducción de Luis Horno Liria]. |
| 260 |
_aMadrid : _bRialp, _c1965. |
||
| 300 |
_a293 p. ; _c19 cm. |
||
| 490 | 1 |
_aLibros de cine Rialp ; _v38 |
|
| 650 | 0 | 0 |
_aCine- _xAspectos religiosos. _911014 |
| 700 | 1 |
_aHorno Liria, Luis. _964232 |
|
| 830 | 1 | 0 |
_aLibros de cine Rialp _v38 _9181163 |
| 852 |
_aES-MaACL _jC-26457 |
||
| 999 |
_c39635 _d39635 |
||